International Corporate Finance / (Record no. 17530)
[ view plain ]
| 000 -LEADER | |
|---|---|
| fixed length control field | 01066nam a22003018a 4500 |
| 001 - CONTROL NUMBER | |
| control field | 015959358 |
| 003 - CONTROL NUMBER IDENTIFIER | |
| control field | Uk |
| 005 - DATE AND TIME OF LATEST TRANSACTION | |
| control field | 20131001153410.0 |
| 008 - FIXED-LENGTH DATA ELEMENTS--GENERAL INFORMATION | |
| fixed length control field | 111026s2012 ohu 001 0 eng|d |
| 020 ## - INTERNATIONAL STANDARD BOOK NUMBER | |
| International Standard Book Number | 0538482974 |
| 020 ## - INTERNATIONAL STANDARD BOOK NUMBER | |
| International Standard Book Number | 9780538482974 |
| 082 04 - DEWEY DECIMAL CLASSIFICATION NUMBER | |
| Classification number | 658.1599 |
| Edition number | 23 |
| Item number | MAD |
| 100 1# - MAIN ENTRY--PERSONAL NAME | |
| Personal name | Madura, Jeff. |
| 9 (RLIN) | 33658 |
| 245 10 - TITLE STATEMENT | |
| Title | International Corporate Finance / |
| Statement of responsibility, etc | Jeff Madura. |
| 250 ## - EDITION STATEMENT | |
| Edition statement | 11th ed. |
| 260 ## - PUBLICATION, DISTRIBUTION, ETC. (IMPRINT) | |
| Place of publication, distribution, etc | Mason, Ohio : |
| Name of publisher, distributor, etc | South-Western ; |
| Place of publication, distribution, etc | Andover : |
| Name of publisher, distributor, etc | Cengage Learning [distributor], |
| Date of publication, distribution, etc | 2012. |
| 300 ## - PHYSICAL DESCRIPTION | |
| Extent | 1 v. ; |
| Dimensions | 25 cm. |
| 500 ## - GENERAL NOTE | |
| General note | Previous ed.: 2010. |
| 504 ## - BIBLIOGRAPHY, ETC. NOTE | |
| Bibliography, etc | Includes bibliographical references and index. |
| 650 #0 - SUBJECT ADDED ENTRY--TOPICAL TERM | |
| Topical term or geographic name as entry element | International finance. |
| 9 (RLIN) | 33659 |
| 650 #0 - SUBJECT ADDED ENTRY--TOPICAL TERM | |
| Topical term or geographic name as entry element | International finance |
| Form subdivision | Problems, exercises, etc. |
| 9 (RLIN) | 33660 |
| 650 #0 - SUBJECT ADDED ENTRY--TOPICAL TERM | |
| Topical term or geographic name as entry element | International business enterprises |
| General subdivision | Finance. |
| 9 (RLIN) | 32766 |
| 650 #0 - SUBJECT ADDED ENTRY--TOPICAL TERM | |
| Topical term or geographic name as entry element | International business enterprises |
| General subdivision | Finance |
| Form subdivision | Problems, exercises, etc. |
| 9 (RLIN) | 33661 |
| 650 #0 - SUBJECT ADDED ENTRY--TOPICAL TERM | |
| Topical term or geographic name as entry element | Foreign exchange. |
| 9 (RLIN) | 33662 |
| 650 #0 - SUBJECT ADDED ENTRY--TOPICAL TERM | |
| Topical term or geographic name as entry element | Foreign exchange |
| Form subdivision | Problems, exercises, etc. |
| 9 (RLIN) | 33663 |
| 653 ## - INDEX TERM--UNCONTROLLED | |
| Resource For college | |
| Arrived date list | September2013 |
| 942 ## - ADDED ENTRY ELEMENTS (KOHA) | |
| Source of classification or shelving scheme | Dewey Decimal Classification |
| Item type | Book - Borrowing |
| Withdrawn status | Item status | Source of classification or shelving scheme | Damaged status | Not for loan | Vendor | Home library | Current library | Shelving location | Date acquired | Source of acquisition | Total Checkouts | Full call number | Barcode | Date last seen | Date last borrowed | Koha item type | Total Renewals | Materials specified (bound volume or other part) |
|---|---|---|---|---|---|---|---|---|---|---|---|---|---|---|---|---|---|---|
| Dewey Decimal Classification | Baccah | Central Library | Central Library | First floor | 15/09/2013 | 2 | 658.1599 MAD | 000028867 | 15/07/2025 | 18/11/2013 | NB - Book (Non borrowing) | |||||||
| Dewey Decimal Classification | Baccah | Central Library | Central Library | First floor | 15/09/2013 | 6 | 658.1599 MAD | 000028868 | 15/07/2025 | 26/09/2018 | Book - Borrowing | 24 | ||||||
| Lost | Dewey Decimal Classification | Baccah | Central Library | Central Library | First floor | 15/09/2013 | 1 | 658.1599 MAD | 000028869 | 12/11/2013 | 29/09/2013 | Book - Borrowing | 6 | Lost In Inventory_2015-8-23 | ||||
| Dewey Decimal Classification | Baccah | Central Library | Central Library | First floor | 15/09/2013 | 6 | 658.1599 MAD | 000028870 | 15/07/2025 | 01/12/2020 | Book - Borrowing | 59 | ||||||
| Dewey Decimal Classification | Baccah | Central Library | Central Library | First floor | 15/09/2013 | 4 | 658.1599 MAD | 000028871 | 15/07/2025 | 26/04/2015 | Book - Borrowing | 5 |